000 00467nam a2200181Ia 4500
001 10691
005 20260306161851.0
008 260306t2005||||xx |||||||||||||| ||spa||
041 _aESP
082 _a946.081
_bA174
100 _aGrupo Unidad Editorial
_eAUT
245 0 _aAsí llego España a la guerra civil:
_bla República (1931-1936)
260 _c2005
300 _a191 páginas :
_c24 cm.
650 _aGEN
654 _aCHU
942 _cLIB
_dJUS
_fJUS
_2ddc
_n
999 _c10691
_d10691